000 00295nam a22001337a 4500
008 181008b xxu||||| |||| 00| 0 eng d
020 _a070350485
041 _aeng
080 _a620
100 _a27
101 _aMEK
245 _aAn Introduction to Mechanics
_cKleppner,D
942 _2udc
_cBK
999 _c49046
_d49046